| 000 | 01057cam a22002771i 4500 | ||
|---|---|---|---|
| 001 | gs 29000376 | ||
| 003 | DLC | ||
| 005 | 20260227111334.0 | ||
| 008 | 791004s1929 dcu f001 0 eng | ||
| 010 | _ags 29000376 | ||
| 035 | _a(OCoLC)5465859 | ||
| 040 |
_aDLC _cCoU-DA _dOCoLC _dDLC |
||
| 050 | 0 | 0 |
_aTC801 _b.U2 no. 617 |
| 051 |
_aTC425.C6 _bF6 |
||
| 086 | 0 | _aI 19.13:617 | |
| 100 | 1 |
_aFollansbee, Robert, _d1879-1952. |
|
| 245 | 1 | 0 |
_aUpper Colorado river and its utilization/ _cby Robert Follansbee. |
| 260 |
_aWashington: _bfor sale by the Supt. of Docs., U.S. Govt. Print. Off., _c1929 |
||
| 300 |
_axv, 394 p. : _bill., 13 leaves of plates (incl. 8 fold. maps); _c24 cm. -- |
||
| 490 | 1 |
_aGeological Survey (U.S.). Geological Survey water-supply paper ; _v617 |
|
| 500 | _aAt head of title: United States Department of the Interior. | ||
| 651 | 0 | _aColorado River (Colo.-Mexico) | |
| 651 | 0 |
_aColorado River (Colo.-Mexico) _xPower utilization. |
|
| 650 | 0 |
_aWater-supply _zWest (U.S.) |
|
| 830 | 0 |
_aGeological Survey water-supply paper ; _v617. |
|
| 999 |
_c26762 _d26762 |
||